00579nam a22001577a 450000500170000001000150001702000260003203500140005803700090007208200160008110000200009724500780011726000560019527001170025130000530036820211228160731.0 aENG-130729 a9789388689717c699.00 aEN-114261 bDBAD a327.5101824 aLintner, Bertil aThe Costliest Pearl:bChina's Struggle For India's Ocean/cBertil Lintner aChennaibWestland Publication Private Limitedc2019 a1st Floor, A Block, East Wing, Plot No. 40, SP Infocity, Dr MGR Saiai, Purungudi, KandanchavadibChennaie600096 avii, 325pc22cm(hbk)bNotes, Bibliography, Index